000 00539nam a22001817a 4500
005 20251108165329.0
008 250721s2008 xx 000 0 ara d
020 _a9773426556
082 1 4 _a210.42331137/جمل
100 1 _aالجمل، أحمد محمد عبد العظيم
245 1 0 _aالبطالة مشكلة لا يعرفها الإسلام /
264 1 _aالقاهرة :
_bدار السلام،
_c2008.
300 _a245ص.
650 1 7 _aالاسلام
650 1 7 _aالبطاله
942 _2ddc
_cBK
999 _c25259
_d25259